| 000 | 00467nam a22001817a 4500 | ||
|---|---|---|---|
| 003 | MPLRDC | ||
| 005 | 20220104124439.0 | ||
| 008 | 210129b ||||| |||| 00| 0 eng d | ||
| 082 | _a859.6 SJMZ v.3 | ||
| 100 | _a立亚出版社编委会 | ||
| 245 |
_a汤姆莎耶历险记 _c |
||
| 250 | _a修订版 | ||
| 260 |
_a _b立亚出版社 _c1987 |
||
| 300 | _b平 | ||
| 490 | _a世界名著图画故事;3 | ||
| 650 | _a儿童图画故事 | ||
| 942 |
_cBK _o859.6 SJMZ v.3 |
||
| 999 |
_c19400 _d19390 |
||